| 000 | 00349nam a22001457a 4500 | ||
|---|---|---|---|
| 008 | 240318b ||||| |||| 00| 0 eng d | ||
| 020 | _a6511066 | ||
| 041 | _aeng | ||
| 080 |
_21965 _a101 |
||
| 082 | _a101BRA | ||
| 100 | _a44 | ||
| 101 | _aFILOZOFI | ||
| 245 |
_aPHILOSOPHICAL PROBLEMS OF THE SOCIAL SCIENCES _cDAVID BRAYBROOKE |
||
| 942 |
_2udc _cBK |
||
| 999 |
_c60603 _d60603 |
||